000 00481nam a2200145 i 4500
001 43763
003 ES-MaACL
005 20230906160854.0
007 t|
008 030318s1977 sp ||||1| spa d
245 0 0 _aCatálogo general de la Hemeroteca Provincial de la Cámara Oficial de Comercio, Industria y Navegación de Gijón.
260 _aGijón :
_b[s.n.],
_c1977 (
_fTipo Offset La Industria)
300 _a111 p., 16 lám. ;
_c25 cm.
852 _aES-MaACL
_jA-7743
_bR.97345
999 _c43763
_d43763